• 首页
  • 本馆介绍
  • 公告通知
  • 最新文献
  • 馆藏检索
  • 电子资源
  • 读者导购
  • 参考咨询
  • 我的图书馆
  • 登录
  • 详细信息显示
  • 放入我的书架
  • 预约/预借图书
  • 作者相关作品
  • 分类相关作品
  • 丛书相关作品
  • 出版社相关作品

书目信息

  • 表格格式
  • 工作单格式
  • 卡片格式
题名:
社会保障基金投资运营研究
    
 
作者: 万解秋
分册:  
出版信息: 北京   中国金融出版社  2003
页数: 274
开本: 21cm
丛书名: 金融经济前沿问题文库
单 册:
中图分类: F832.21
科图分类:
主题词: 金融 , 银行
电子资源:
ISBN: 7-5049-3054-7
000 00639nam0 2200217 450
001 0760515518
005 20070817164835.51
010    @a7-5049-3054-7@d¥26.80
100    @a20070817d km y0chiy0120 ea
101 0  @achi
200 1  @a社会保障基金投资运营研究@Ashe hui bao zhang ji jin tou zi yun ying yan jiu@f万解秋等@Fwan jie qiu deng
210    @a北京@c中国金融出版社@d2003
215    @a274@d21cm
225 2  @a金融经济前沿问题文库
410  0 @12001 @a金融经济前沿问题文库
606 0  @a金融
606 0  @a银行
690    @aF832.21@v3
701  0 @a万解秋@Awan jie qiu
801  0 @aCN@bPFT@c20070817
905    @a213230@dF832.21@eg29@f1
    
    社会保障基金投资运营研究/万解秋等.-北京:中国金融出版社,2003
    274;21cm.-(金融经济前沿问题文库)
    
    
    ISBN 7-5049-3054-7:¥26.80
    
●
相关链接 在E读中查询图书 在五车中查询图书 在当当中查询图书 在豆瓣中查询图书


正题名:社会保障基金投资运营研究     索取号:F832.21/g29         预约/预借

序号 登录号 条形码 馆藏地/架位号 状态 备注
1 6502454   265024546   密集书库-海洋学院/ [索取号:F832.21/g29] 在馆    
唐山师范学院图书馆 欢迎您!
大连网信软件有限公司© 版权所有